000 00722nam a2200217 i 4500
005 20240110114704.0
008 240110s1997 my o f 000 0 may d
020 _qhardback
040 _aPPAK
_beng
_cPPAK
_erda
082 0 4 _223
_a959.511205
090 0 0 _a959.511205
_bLIN
_dKWS
245 0 0 _aLindungan BULAN :
_cSUARA PERSATUAN SEJARAH MALAYSIA CAWANGAN KEDAH
264 1 _a[Alor Setar] :
_bPersatuan Sejarah Malaysia Cawangan Kedah,
_c[1997?]
300 _a1 volume :
_bcolour photographs ;
_c30 cm.
336 _atext
_2rdacontent
337 _aunmediated
_2rdamedia
338 _avolume
_2rdacarrier
500 _aKertas Kerja
651 0 _aKedah
_xHistory
_vPeriodicals
942 _2ddc
_cB
999 _c194484
_d194484